000 00445nam a2200181Ia 4500
001 16387
005 20260306170305.0
008 260306t2018||||xx |||||||||||||| ||und||
041 _aESP
082 _a348.55
_bL37
100 _aLeenes, Ronald
_eAUT
245 0 _aData protection and privacy:
_bthe internet of bodies
260 _c2018
300 _a327 páginas :
_c24 cm.
650 _aGEN
654 _aCDE
942 _cLIB
_dJUS
_fJUS
_2ddc
_n
999 _c16387
_d16387